| 000 | 00639nam a2200229 a 4500 | ||
|---|---|---|---|
| 001 | BRL_219 | ||
| 005 | 20190320210636.0 | ||
| 008 | 191212s2000----mx-a######---#000-0#spa-# | ||
| 041 | _aspa | ||
| 044 | _amx | ||
| 050 | 4 |
_aF1211.H9 _b.H86 2000 |
|
| 245 | 1 | 0 | _aHumboldt en la Ciudad de México. |
| 260 |
_aMéxico _bGobierno del Distrito Federal _c2000 |
||
| 300 |
_a48 p. _bil. a color _c27 cm. |
||
| 500 | _aIncluye índice de imágenes | ||
| 500 | _aAu238 | ||
| 504 | _aBibliografía: p. 48 | ||
| 600 | 1 | 4 |
_aHumboldt, Alexander von, _d1769-1859 _923265 |
| 651 | 4 |
_aCiudad de México _xHistoria _9691 |
|
| 902 | _aGRL | ||
| 942 |
_2lcc _cB |
||
| 999 |
_c9032 _d9032 |
||